000 00324nam a2200109Ia 4500
008 190216s9999||||xx |||||||||||||| ||und||
100 _aArya S V
245 0 _aSolved Questions Bank-3000 For All India Pre-Medical & Pre-Dental Entrance Exam
260 _bArya Publishing School & College
_c1967
300 _a56p
942 _cREF
999 _c35967
_d35967